[Event "Corus-C"]
[Site "Wijk aan Zee"]
[Date "2010.01.23"]
[Round "7"]
[White "Vocaturo, Daniele"]
[Black "Robson, Ray"]
[Result "1-0"]
[WhiteElo "2495"]
[BlackElo "2570"]
[Annotator "Tiviakov,S"]
[PlyCount "79"]
[EventDate "2010.01.16"]
[EventType "tourn"]
[EventRounds "13"]
[EventCountry "NED"]
[EventCategory "9"]
[SourceTitle "CBM 134 Extra"]
[Source "ChessBase"]
[SourceDate "2010.03.03"]
[SourceVersion "1"]
[SourceVersionDate "2010.03.03"]
[SourceQuality "1"]

1. e4 e6 2. d4 d5 3. Nc3 Nf6 4. e5 Nfd7 5. f4 c5 6. Nf3 Nc6 7. Be3 Be7 8. Qd2
O-O 9. Be2 a6 10. O-O b5 11. a3 Bb7 12. Nd1 (12. Rad1 Rc8 $146 (12... Qb6 {
Vitiugov,N}) 13. Kh1 (13. dxc5 $146 Nxc5 14. Nd4 Qc7 $13 {Mekhitarian,
K-Drozdovskij,Y/Beijing (blitz) 104/(220) 2008}) 13... cxd4 (13... Qb6 14. dxc5
(14. f5 $5) 14... Bxc5 15. Bxc5 Nxc5 16. Bd3 $13) 14. Nxd4 Nxd4 15. Bxd4 Bc5
16. Qe3 Qb6 (16... Bxd4 $5 17. Rxd4 Qb6 18. Bd3 f6 (18... Nb8 $2 19. f5)) 17.
Bxc5 Qxc5 18. Qh3 Rce8 $2 (18... b4 19. Bd3 h6 (19... g6 20. axb4 Qxb4 21. Qh6
Qxb2 22. f5 $1) 20. Ne2 bxa3 21. bxa3 $13) 19. Bd3 f5 20. Ne2 $16 Qe7 21. Nd4 (
21. b4 $5 {Vitiugov,N}) 21... Nc5 22. g4 g6 23. Rf3 $6 (23. gxf5 exf5 (23...
gxf5 24. Rg1+ Kh8 25. Rd2 Rg8 26. Rdg2 $16) 24. Qe3 Ne6 25. c3 $16) 23... Kh8
24. Rg1 Ne4 25. Qh6 Rg8 26. Rg2 fxg4 27. Rxg4 Ref8 (27... Bc8 $5 {Vitiugov,N})
28. Qh4 Qxh4 29. Rxh4 g5 $2 (29... Bc8 {Vitiugov,N}) 30. fxg5 Rxf3 (30... Nf2+
31. Rxf2 $18) (30... Nxg5 31. Rxf8 Rxf8 32. Nxe6 d4+ 33. Kg1 Nf3+ 34. Kf2 Rf7
35. Nd8 $18) 31. Nxf3 Nf2+ 32. Kg2 Nxd3 33. cxd3 d4 $1 34. Kg3 $1 Bxf3 35. Kxf3
Rxg5 36. Ke4 $18 Rg2 37. b4 Kg7 38. Kxd4 Ra2 39. Rg4+ Kf7 40. Rf4+ Ke7 (40...
Ke8 41. Rf6) 41. Rh4 Rxa3 42. Rxh7+ Kf8 43. Ra7 Ra4 (43... Rb3 44. Rxa6 Rxb4+
45. Kc5) 44. Kc5 Ra3 45. Rd7 (45. d4 Rc3+ 46. Kd6 Rd3 (46... Rc4 47. d5 $18)
47. Kxe6 Rxd4 48. Ra8+ Kg7 49. Ke7 Rxb4 50. e6 Rb2 51. Ra7 Rd2 52. Rd7 Rxh2 53.
Kd8+ Kf6 54. e7 Rh8+ 55. e8=Q Rxe8+ 56. Kxe8 Ke6 57. Kd8 b4 58. Kc7 a5 59. Rd1
b3 60. Kb6 a4 61. Kb5 a3 62. Kb4 $18) 45... Ke8 46. Rd6 Kf7 47. Kb6 Ra4 48. Rd4
Kg6 49. h4 Kf5 50. h5 Kg5 51. Rh4 $1 Kh6 52. Kc5 Ra3 53. d4 a5 54. Kxb5 (54.
Kd6 axb4 55. Kxe6 b3 56. d5 $18) 54... axb4 55. Kxb4 Ra8 56. Kc5 Rd8 57. Kc6
Rd5 (57... Kg5 58. Kc7 $1) 58. Kc7 Ra5 (58... Kg5 59. h6 $18) 59. Kd7 Ra6 60.
Ke7 Rb6 61. Kf6 Ra6 62. Rg4 Kxh5 63. Rg8 Rb6 64. Rd8 {1-0 Vitiugov,N-Maslak,K/
Russia 104/220 2008/[Vitiugov,N]}) (12. Kh1 $5 {Vitiugov,N}) 12... cxd4 13.
Nxd4 Rc8 14. Nf2 Qc7 15. c3 Na5 $146 (15... Nc5 16. Qe1 Nxd4 17. cxd4 Ne4 18.
Nd3 Qb6 19. b4 Rc3 20. Rf3 Rfc8 21. Nc5 Rxe3 22. Rxe3 Nxc5 23. dxc5 Rxc5 24.
Kh1 Rc7 25. Rc1 Rd7 26. Qd2 g6 27. h3 d4 28. Rg3 Bh4 29. Rb3 Bd5 30. Rb2 d3 31.
Bf3 Bc4 32. Kh2 Qd4 33. g3 Bd8 34. Re1 Bb6 35. Rbb1 Qf2+ 36. Qxf2 Bxf2 37. Red1
d2 38. Kg2 Be1 39. Ra1 Rd3 40. g4 Re3 41. a4 Bb3 42. axb5 Bxd1 43. Bxd1 axb5
44. Ra5 Bh4 45. Ra2 Rd3 46. Ra5 Rc3 47. Ra2 Be1 48. Rc2 Rg3+ 49. Kf1 Rxh3 50.
Ke2 Rh2+ 51. Kf3 h5 52. gxh5 gxh5 53. Rc5 h4 54. Rxb5 Rf2+ 55. Kg4 Rg2+ 56. Kh3
Rg3+ 57. Kh2 Bf2 58. Rb8+ Kg7 59. Rd8 Be3 60. f5 exf5 61. Rd7 Bf4 62. e6 Re3+
63. Kg2 h3+ 64. Kf2 h2 65. Rxf7+ Kg8 66. Kg2 Re1 {0-1 Hou Yifan-Ding Liren/
Xinghua Jiangsu CHN 2009/The Week in Chess 761 (66)}) 16. Bd3 Nc4 17. Qe2 Nc5
18. Rae1 g6 19. Bc1 Qb6 20. Bb1 Na4 21. f5 exf5 22. Bxf5 Rce8 $2 (22... gxf5
23. Nxf5 Bc5 $44) 23. e6 (23. Bd7 Rd8 24. e6 $16) 23... Nc5 (23... gxf5 24.
Nxf5 $18) 24. Qg4 (24. exf7+ Rxf7 25. Bh3 $16) (24. Bh6 fxe6 25. Bxf8 Bxf8 26.
b4 gxf5 27. Qh5 Qd8 28. bxc5 $16) 24... Nd6 (24... Kh8 $142 25. Bh6 $16) 25.
Bh6 $18 Nxf5 26. Nxf5 Nxe6 27. Nxe7+ Rxe7 28. Bxf8 Kxf8 29. Qh4 h5 30. Qf6 Ke8
31. Kh1 d4 32. Nd3 dxc3 33. Qxc3 Qd4 34. Rxe6 Bxg2+ 35. Kxg2 Qd5+ 36. Rf3 Qg5+
37. Kf1 Rxe6 38. Qc8+ Qd8 39. Qxd8+ Kxd8 40. Rxf7 1-0

[Event "NED-ch"]
[Site "Amsterdam"]
[Date "2015.07.05"]
[Round "1"]
[White "Giri, Anish"]
[Black "Tiviakov, Sergei"]
[Result "1/2-1/2"]
[WhiteElo "2791"]
[BlackElo "2639"]
[Annotator "Tiviakov,S"]
[PlyCount "67"]
[EventDate "2015.07.05"]
[EventType "tourn"]
[EventRounds "7"]
[EventCountry "NED"]
[EventCategory "15"]
[SourceTitle "CBM 168"]
[Source "ChessBase"]
[SourceDate "2015.09.14"]
[SourceVersion "1"]
[SourceVersionDate "2015.09.14"]
[SourceQuality "1"]

1. e4 e6 2. d4 d5 3. Nc3 Nf6 {In one of my previous videos made for CBM I
explained to the reader the serious problems which Scandinavian Defence
players are facing now. So before the Dutch championship I did some serious
work in order to find a replacement to the Scandinavian Defence for strong
tournaments. And my choice fell on the line with 3...Nf6, being played by the
world's top players like Shirov, Morozevich and others.} ({Previously I had
played only} 3... dxe4) 4. e5 Nfd7 5. f4 c5 6. Nf3 Nc6 7. Be3 cxd4 {The line
chosen by me in the game against Giri is not the only one which is playable.} (
{In the last round of the Dutch championship I chose another one -} 7... Be7 {
which brought me a good position from the opening, although later I took too
much of a risk, playing g7-g5 and losing.} 8. Qd2 O-O 9. dxc5 Bxc5 10. O-O-O
Qb6 11. Nd4 Nxd4 12. Bxd4 Bxd4 13. Qxd4 Qxd4 14. Rxd4 a6 15. Be2 b6 $146 (15...
Nb8 $5) (15... f6) 16. b3 Ra7 17. Kb2 Rc7 18. Nd1 Bb7 19. Ne3 b5 20. a4 bxa4
21. Rxa4 g5 (21... Nc5 $14) 22. Ng4 f5 23. exf6 Nxf6 24. fxg5 Ne4 25. Re1 Nxg5
26. Bxa6 Bxa6 27. Rxa6 Rf4 28. h3 h5 29. g3 Rf3 30. Ne5 Rxg3 31. h4 Ne4 32.
Rxe6 Kh7 33. Rc6 Rxc6 34. Nxc6 Rh3 35. Ne7 Rxh4 36. Nxd5 Kg6 37. b4 Kf5 38. Kb3
Rh3+ 39. Kc4 h4 40. b5 Rg3 41. b6 Rg7 42. Kd4 Nd6 43. c4 Rg4+ 44. Kc5 Nb7+ 45.
Kb4 Re4 46. Ne7+ Ke5 47. Ng6+ Kf5 48. Rxe4 Kxe4 49. Nxh4 Ke5 50. Kb5 Kd4 51.
Nf5+ Ke5 52. c5 Kxf5 53. c6 Nd6+ 54. Ka6 {1-0 Bok,B-Tiviakov,S/Amsterdam 2015 
(54)}) (7... a6 {is another popular option.}) 8. Nxd4 Bc5 9. Qd2 O-O 10. O-O-O
a6 11. Kb1 Nxd4 12. Bxd4 b5 {Now we came to a very popular position with a
huge number of games played here. White can choose betewen 9 possible moves.}
13. g3 {Being surprised by my opening choice, Anish decides to go away from
the main theoretical lines and chooses a rather rare continuation. But even
with deep preparation it is not so easy to find an advantage for White. Let's
discuss the main plans for both sides. It is obvious that White should play on
the kingside, Black should try to develop the attack on the queenside. When
playing on the kingside White can choose between pushing the h- and/or g-pawns
or preparing the advance f4-f5-f6. Also attacking the pawn on e6. The latter
plan is the one chosen by my opponent in this game.} b4 {In this game Black
chooses the most typical plan beginning by pushing the queenside pawns as
quickly as possible in order to activate the 'bad' bishop on c8 by creating
the possibility to develop it to a6 if necessary.} (13... Qc7 {is another
possibility, keeping an eye on the e5-pawn , making the planned advance f4-f5
more difficult} 14. h4 (14. Qe3 Bb7 15. Bd3 Bxd4 16. Qxd4 Qc5 17. Ne2 Rac8 18.
Rhe1 b4 19. f5 Qxd4 20. Nxd4 Nc5 21. g4 Rfe8 22. f6 g6 23. g5 a5 24. Nb5 Red8
25. Nd6 Rc7 26. Bf1 Ba6 27. Bxa6 Nxa6 28. Rd4 Nc5 29. Rh4 Ne4 30. Nxe4 dxe4 31.
Rhxe4 Rd2 32. R4e2 Rcxc2 33. Rxd2 Rxd2 34. Rc1 h5 35. Rc8+ Kh7 36. Rf8 Rd7 37.
b3 h4 38. h3 Rd3 39. Rxf7+ Kg8 40. Rg7+ Kf8 41. Rxg6 Rxh3 42. Rh6 Rh1+ 43. Kc2
Kg8 44. g6 Rg1 45. g7 Kf7 46. Rh8 {1-0 Ikeda,J-Schon,E/Tuggeranong 2007/CBM
116 ext (46)}) 14... Nb6 15. Ne2 Bd7 16. Rh2 Rfc8 17. Ng1 b4 18. Nf3 Bf8 19. g4
Nc4 20. Qg2 Rab8 21. Bd3 Bb5 22. Ng5 h6 23. Qh3 Bc5 24. Bxc5 Qxc5 25. Re1 Na3+
26. Kc1 Bxd3 27. Qxd3 Nxc2 28. Qh7+ Kf8 29. Rxc2 Qxc2+ 30. Qxc2 hxg5 31. fxg5
Rxc2+ 32. Kxc2 Rc8+ 33. Kb3 Rc4 34. Rg1 Re4 35. Rg2 a5 36. Ka4 Rxe5 37. Kxa5
Re4 38. Kb5 f6 39. g6 Ke7 40. h5 Ke8 41. a4 bxa3 42. bxa3 d4 43. a4 Re3 44. a5
Ra3 45. a6 e5 46. g5 Ke7 47. h6 Ra1 48. h7 Rb1+ 49. Kc6 Rb8 50. a7 Rd8 51. Rh2
{1-0 Kelly,P-Hunt Grubbe,H/Sunningdale 2006/CBM 115 ext (51)}) 14. Ne2 ({
The knight on a4 is clearly far away from the main area of the game and Black
has no difficulties equalising after} 14. Na4 Bxd4 15. Qxd4 Qa5 16. b3 Bb7 $11
17. Nb2 Rfc8 18. Bg2 Qc7 19. c4 bxc3 20. Rc1 c2+ 21. Ka1 a5 22. Rhe1 Nc5 23.
Re2 Ra6 24. Rexc2 Rc6 25. Kb1 Nxb3 26. Rxc6 Qxc6 27. Rxc6 Nxd4 28. Rxc8+ Bxc8
29. Na4 Ba6 30. Kb2 Kf8 31. Nc5 Bb5 32. a4 Be2 33. Kc3 Nc6 34. Kd2 Bc4 35. Bf3
Ke7 36. Kc3 f6 37. exf6+ gxf6 38. g4 e5 39. fxe5 fxe5 40. g5 Kf7 41. Bh5+ Ke7
42. Bg4 Nd4 43. h4 Be2 44. Bxe2 Nxe2+ 45. Kd3 Nd4 46. h5 Ne6 47. Nb7 Nxg5 48.
Nxa5 Kd6 49. Nb3 Ne6 {0-1 Blair,D-Halliwell,A/England 1994/Corr Nr. 1 (49)})
14... a5 ({Besides the text move Black could have also played} 14... Qc7 $5 {
with equality. For example,} 15. Qe3 (15. Bxc5 Qxc5 $11) 15... Bb7 (15... a5
$11) 16. h4 Be7 17. h5 h6 18. Ng1 a5 19. Nf3 a4 20. g4 a3 21. b3 Rfc8 22. g5
Qxc2+ {0-1 Goldmund-BigMomma/Internet Chess Club 2006/Computer & Internet 2011
(22)}) 15. Bh3 $146 {Only this move is new.} (15. Bxc5 {was played in a game
almost 25 years ago when Black had no difficulties equalising either:} Nxc5 16.
Bg2 Qb6 $11 (16... Qc7 $11) (16... Bb7 $11) 17. Qe3 Bb7 18. Nd4 a4 19. Rhe1 Ne4
20. Bxe4 dxe4 21. Nf5 Qc7 22. Nd6 b3 23. axb3 axb3 24. Qxb3 Bd5 25. c4 Rfb8 26.
Qc3 Bc6 27. Kc1 Ra2 28. Nb5 Bxb5 29. cxb5 Qb6 30. Qc4 Ra1+ 31. Kc2 Raa8 32. Rd6
Qa5 33. Rxe4 Rxb5 34. Qa4 Rc5+ 35. Kb1 Qxa4 36. Rxa4 Rac8 37. Rad4 g5 38. Rd8+
Rxd8 39. Rxd8+ Kg7 40. Rd4 gxf4 41. gxf4 f6 42. b4 Rb5 43. exf6+ Kxf6 44. Kc2
Rh5 45. Kb3 Rh3+ 46. Ka4 Rxh2 47. b5 Ra2+ 48. Kb4 Rb2+ 49. Ka5 h5 50. b6 h4 {
1/2-1/2 Elseth,R-Gausel,E/Oslo 1991/CBM 023 (50)}) (15. h4 Ba6 16. h5 Qb6 17.
c3 Rfc8 18. g4 bxc3 19. Bxc3 Be3 20. Bd4 Bxd2 21. Bxb6 Bd3+ 22. Ka1 Bxe2 23.
Bxe2 Bxf4 24. Bd4 Bxe5 {0-1 Hanson,A-Amann,K/IECG email 2001/Corr 2008 (24)})
15... Qc7 (15... Re8 $5 {was also in the style of the position, not only
over-protecting the pawn on e6, but also attacking the e5-pawn when f5 exf5
would be played.}) 16. Rhe1 Re8 17. f5 {White can no longer improve the
position, so he has to make this move, connected with a temporary pawn
sacrifice.} Nxe5 ({It looks risky to take the pawn on f5 since after} 17...
exf5 18. Nf4 {White can develop an initiative. E.g.} Nb6 (18... Nxe5 19. Nxd5
$18) (18... Qc6 {is not good after} 19. Bg2 $1 (19. e6 fxe6 20. Bxf5 Nf8 21.
Bxg7 Kxg7 22. Nh5+ Kh8 23. Qh6 Ra7 24. Qf6+ Kg8 25. Qg5+ Kh8 26. Qf6+ $11) (19.
Bxc5 Nxc5 20. Qxd5 Qxd5 21. Nxd5 Ra7 $11) (19. Bxf5 Nxe5 20. Bxh7+ Kxh7 21.
Rxe5 Rxe5 22. Bxe5 Bb7 23. Bd4 $14) 19... Nb6 20. c4 $16 {with advantage for
White}) 19. Nh5 $14 {with slightly better chances.}) 18. Bxe5 ({After} 18. Bxc5
Qxc5 19. Nf4 Nf3 20. Qe3 Qxe3 21. Rxe3 Ng5 22. Bg2 Ne4 $11 {the ending is
equal.}) 18... Qxe5 19. Nf4 Qd6 20. Nxd5 ({The analysis engine prefers to
exchange the queens and go into an ending, although, of course, it is
difficult to believe that White can get a substantial advantage in an ending
where Black has the bishop pair in an open position.} 20. Qxd5 Qxd5 21. Nxd5
Ra7 22. Nf4 (22. fxe6 Bxe6 23. Nf4 Rd7 24. Rc1 Rd6 $11) 22... Rae7 23. fxe6
fxe6 24. Bf1 g5 25. Nd3 Bb6 26. Ne5 $14) ({After} 20. f6 {White doesn't have
enough resources to create an attack and Black has many possibilities to
neutralise white threats. E.g.} Bb7 (20... e5 21. Bxc8 Raxc8 22. Nxd5 Qe6 23.
fxg7 Red8 $11) (20... g6 21. Nxd5 Qd8 22. Ne7+ Bxe7 23. Qh6 Bxf6 24. Rxd8 Rxd8
$11) 21. fxg7 e5 22. Nxd5 Rad8 23. Bg2 Bd4 24. Ne3 Bxg2 25. Qxg2 Qg6 $11 (25...
Qe6 $11)) 20... e5 $6 (20... Bd7 $142 {would be a more simple way to equality.
After} 21. Nf6+ (21. fxe6 Bxe6 22. Bxe6 Rxe6 $11 (22... fxe6 $11)) 21... gxf6
22. Qxd6 Bxd6 23. Rxd6 exf5 24. Rxe8+ Rxe8 $11 {Black has nothing to worry
about.}) 21. Qe2 (21. Qg5 h6 22. Qg4 Rb8 $11 {is not dangerous for Black at
all.}) 21... Bb7 22. Bg2 ({Winning the b4-pawn, opening lines on the queenside
is very dangerous for White:} 22. Nxb4 Bd4 23. c3 Qh6 $15) 22... e4 $1 {
I was not able to foresee all the consequences of this pawn sacrifice clearly,
but made the move very quickly. Sometimes you need to trust intuition and
follow chess principles, like opening the position for the bishops and rooks 
(like in this case).} ({After} 22... Qb8 23. Qc4 $16 {White has a serious
advantage.}) 23. Nc3 $6 ({White became scared and decided to exchange one of
the black bishops, but by keeping a cool head, simply taking the pawn (a pawn
is a pawn!) he could have kept a small advantage by} 23. Bxe4 a4 ({or} 23...
Rad8 24. c4 $1 $14 (24. Ne3 $14)) 24. f6 Bxd5 25. Rxd5 Qxd5 26. Bxd5 Rxe2 27.
Rxe2 Rd8 28. Rd2 Re8 29. c3 bxc3 30. bxc3 gxf6 $14 {with a better pawn
structure in an ending.}) 23... Qf6 24. Nxe4 Bxe4 ({It was possible to simply
take the pawn on f5. But in my calculations I hadn't seen the move 28...Qb5!} 
24... Qxf5 25. Qb5 (25. Nf6+ gxf6 26. Qxe8+ Rxe8 27. Rxe8+ Bf8 $1 28. Bxb7 Qb5
$19) 25... Bxe4 26. Rxe4 Rxe4 27. Bxe4 Qxe4 28. Qxc5 $11) 25. Bxe4 Rac8 (25...
a4 $44 {was also possible with compensation for the pawn.}) 26. Qb5 ({Keeping
material on the board by} 26. Qc4 a4 $44 {would be risky for White since the
material advantage here is not very important but what matters is the safety
of the kings (in the positions with the opposite coloured bishops in the
presence of the major pieces). So it is better for White to exchange several
major pieces, which is exactly what my opponent is doing.}) 26... Bd4 27. Bb7
Rxe1 28. Rxe1 Rf8 29. Re8 Qb6 ({or} 29... g6 30. Rxf8+ Kxf8 31. Qxa5 Qe7 32. c3
bxc3 33. Qa3 $11 {with a draw}) 30. Qd7 $6 ({It was better to exchange not
only the rooks but the queens as well by} 30. Rxf8+ Kxf8 31. Qxb6 Bxb6 $11 {
with an immediate draw.}) 30... Bf6 31. Bf3 h6 ({Inside my head I had already
resigned myself to a draw and failed to understand that Black was standing
better and could have continued playing for a win by} 31... g6 $142 32. Rxf8+
Kxf8 33. Bd1 Kg7 34. fxg6 hxg6 $15 {with slightly better chances despite being
a pawn down in an ending with opposite coloured bishops. What matters again is
the situation of the kings. The black king is much safer and Black can play
for an attack!}) 32. Rxf8+ Kxf8 33. Qc8+ Ke7 34. Qb7+ {And here the game ended
in a draw. Without much trouble with Black I had been able to get a draw
against one of the world's strongest players, despite playing the variation
for the 1st time in my life!} 1/2-1/2

[Event "Saint Quentin op 4th"]
[Site "Saint Quentin"]
[Date "2001.04.17"]
[Round "4.1"]
[White "Apicella, Manuel"]
[Black "Moracchini, Fabrice"]
[Result "1-0"]
[WhiteElo "2518"]
[BlackElo "2316"]
[Annotator "Verat,L"]
[PlyCount "103"]
[EventDate "2001.04.15"]
[EventType "swiss"]
[EventRounds "9"]
[EventCountry "FRA"]
[SourceTitle "EXT 2002"]
[Source "ChessBase"]
[SourceDate "2001.11.25"]
[SourceVersion "1"]
[SourceVersionDate "2001.11.25"]
[SourceQuality "1"]

1. e4 e6 2. d4 d5 3. Nc3 Nf6 4. e5 Nfd7 5. f4 c5 6. Nf3 Nc6 7. Be3 a6 8. Qd2
cxd4 9. Nxd4 Bc5 10. O-O-O Nxd4 11. Bxd4 Bxd4 12. Qxd4 Qb6 13. Qxb6 Nxb6 {
Une ligne de jeu plutot rare, les noirs echangent beaucoup de pieces, dont les
Dames, mais restent avec un probleme chronique: le mauvais Fou de la Francaise,
avec une structure de pions verrouillee sur cases noires par le champion de
France 1992.} 14. Ne2 Bd7 15. Nd4 O-O 16. h4 (16. Bd3 Rac8 17. h4 f6 18. exf6
gxf6 19. Rhe1 Rfe8 20. Re3 e5 21. Rg3+ Kh8 22. fxe5 fxe5 23. Nf5 Rc6 24. Rf1 e4
25. Be2 Bxf5 26. Rxf5 d4 27. Rf7 d3 28. Rgg7 Rxc2+ 29. Kb1 Rxe2 30. Rxh7+ Kg8 {
- Sturm-Kohn, Allemagne 1998}) 16... Rae8 17. Rh3 Bc8 {Certes, la construction
noire est assez solide, mais elle semble tout de meme tres passive.} 18. Re3 f6
19. g3 f5 20. b3 Rf7 21. Rc3 Na8 (21... Ree7 22. a4 Rc7 23. Rxc7 Rxc7 24. a5
Na8 {permettait un nouvel echange, mais ne resolvait pas les problemes de fond}
) 22. a4 Rc7 23. Rxc7 Nxc7 24. Rd3 {La bataille pour le controle de la colonne
c semi-ouverte fait rage.} Bd7 25. Rc3 Rc8 26. a5 {Gagnant de l'espace a
l'aile-Dame et restreignant au maximum le Cc7, qui n'a plus le transfert en b6
via a8, et aucune perspective en e8. De plus, en cas d'echange des Tours, les
blancs menacent tout simplement d'amener leur Roi en c5 via b2-c3-b4 ! Comment
s'y opposer ?} Kf7 ({Voici un exemple de ce qui pourrait arriver aux noirs en
finale :} 26... Ne8 27. Rxc8 Bxc8 28. Kb2 Kf7 29. Kc3 Ke7 30. Kb4 Kd7 31. Kc5
Kc7 32. c4 $1 dxc4 33. Bxc4 $18) (26... Na8 27. Rxc8+ Bxc8 28. Kb2 Kf7 29. Ka3
Ke7 30. Kb4 Nc7 31. Kc5 {avec totale domination}) 27. Kb2 Ke7 28. Be2 g6 29. h5
Be8 30. h6 {Comme si souvent, l'avantage a l'aile-Dame ne sera pas suffisant,
et Manuel fixe une nouvelle faiblesse en h7.} Bd7 31. Nf3 {Permettant ... Fc6
et la liberation de la Tour noire, mais ce Cavalier doit venir titiller h7.}
Bc6 32. Rc5 Rd8 33. Ng5 Rf8 34. Kc3 (34. Nxh7 $1 Rh8 35. Nf6 Kf7 (35... Rxh6 $4
36. Ng8+) 36. h7 {etait possible mais sans doute moins lineaire pour Manuel.
Pourtant,} Ne8 $2 {n'est pas possible a cause de} 37. Nxe8 (37. Bxa6 $5 Nxf6
38. Bxb7 $1) 37... Kxe8 38. Bxa6 $1) 34... Rh8 35. Kd4 Kd7 36. Ke3 Ke7 37. Nf3
Rg8 38. Kf2 {Pour l'instant, les noirs parviennent toujours a colmater toutes
les isuues, mais les blancs ne manquent pas de plan. Rien qu'au niveau des
percees de pion, il reste encore g4 et c4.} Kd7 39. Rc3 Ke7 40. Rd3 Bb5 41. c4
Bc6 (41... dxc4 $2 42. bxc4 Bc6 (42... Bxc4 $4 43. Rc3 $18) 43. Nd4 Be4 44. Rb3
{avec l'idee 45.Ff3 et les blancs sont nettement mieux.}) 42. Ng5 Rh8 43. Rd1 {
Si les blancs parviennent a ouvrir un second front maintenant, la difference
d'activite entre la Td1 et la Th8 sera determinante.} Rf8 $2 {Offrant aux
blancs une cdeuxieme possibilite de prendre en h7 ...} 44. Nxh7 {ce qui est
fait cette fois !} Rh8 45. Nf6 Kf7 46. h7 Ne8 47. cxd5 exd5 48. Nxd5 (48. Nxe8
Kxe8 49. Rh1 {etait l'alternative, avec l'idee de jouer g4 quand le Roi noir
s'approchera de h7.}) 48... Rxh7 49. Nb4 Rh2+ 50. Ke3 Be4 51. Bc4+ Kf8 52. Rd7
1-0